[Event "Druzynowe Mistrzostwa Polski Juniorow - I liga"]
[Site "Suchedniow"]
[Date "1899-12-30"]
[Round "4.15"]
[White "Mis, Mieszko"]
[Black "Rudzinska, Michalina"]
[Result "1/2-1/2"]
[WhiteTitle "I++"]
[BlackTitle "I++"]
[WhiteElo "2041"]
[BlackElo "1823"]

1. c4 c5 2. Nc3 Nc6 3. g3 g6 4. Bg2 Bg7 5. Nf3 d6 6. O-O Nf6 7. d4 cxd4 8. Nxd4
Bd7 9. Nc2 O-O 10. e4 Qc8 11. Ne3 Bh3 12. Qd2 Ne5 13. b3 Nfg4 14. Ned5 Re8 15.
f4 Qc5+ 16. Kh1 Bxg2+ 17. Kxg2 Nd7 18. h3 e6 19. hxg4 exd5 20. exd5 Nf6 21. Na4
Qc8 22. Bb2 Qxg4 23. Rae1 Ne4 24. Qd3 Qf5 25. Bxg7 Kxg7 26. Re3 Nf6 27. Qxf5 gxf5
28. Rfe1 Kf8 29. Nc3 a6 30. Nd1 h5 31. Rxe8+ Rxe8 32. Rxe8+ Kxe8 33. Ne3 Kd7 34.
Nxf5 Ne4 35. Ng7 Nc3 36. Nxh5 Nxa2 37. Nf6+ Ke7 38. Ne4 f5 39. Nd2 a5 40. Nf3
Nc1 41. Nd4 Kf6 42. Kf2 Nd3+ 43. Kf3 Nc5 44. g4 fxg4+ 45. Kxg4 b6 46. Kh5 Nd3
47. Kg4 Nc5 48. Nb5 Nxb3 49. Nxd6 Nd2 50. c5 bxc5 51. Nb7 c4 52. d6 Ke6 53. f5+
Kd7 54. f6 Ne4 55. f7 Nf6+ 56. Kf5 Nh7 57. Ke5 c3 58. Nc5+ Kd8 59. Nb7+ Kd7 60.
Nxa5 c2 61. Nb3 Nf8 62. Kd5 Ng6 63. Nc5+ Kc8 64. Nd3 Nf8 65. Nc1 Kd7 66. Nb3 Kd8
67. Ke5 Nd7+ 68. Ke6 Nf8+ 69. Kf6 Kd7 70. Ke5 Ng6+ 71. Kd5 Nf4+ 72. Ke4 Ng6 73.
Kd5 Nf4+ 74. Kd4 Ng6 75. Kc5 Nf8 76. Kd5 Ng6 77. Nc5+ Kc8 78. Nd3 Kd8 79. Ke6
Nf8+ 80. Ke5 Kd7 81. Kd5 Kd8 82. Nc1 Kd7 83. Nb3 Kd8 1/2-1/2

[Event "Druzynowe Mistrzostwa Polski Juniorow - I liga"]
[Site "Suchedniow"]
[Date "1899-12-30"]
[Round "4.16"]
[White "Wierzbicki, Michal"]
[Black "Kucharski, Bartlomiej"]
[Result "1/2-1/2"]
[WhiteTitle "I"]
[BlackTitle "II+"]
[WhiteElo "1712"]
[BlackElo "1742"]

1. d4 f5 2. g3 Nf6 3. Bg2 e6 4. Nd2 d5 5. Nh3 Bd6 6. Nf3 O-O 7. Bf4 Nbd7 8. O-O
Ne4 9. Bxd6 Nxd6 10. Nf4 Qe7 11. Nd3 b6 12. Qc1 Ba6 13. Re1 c5 14. Qg5 Nf6 15.
c3 Rac8 16. dxc5 bxc5 17. Nfe5 Qb7 18. Qe3 Qc7 19. f3 Rfe8 20. h4 Nc4 21. Nxc4
Bxc4 22. Qe5 Qb6 23. Reb1 a5 24. Kh1 a4 25. Qe3 d4 26. cxd4 cxd4 27. Qd2 Nd5 28.
Rc1 Ne3 29. f4 Qb5 30. Bf3 Red8 31. h5 Rb8 32. b3 axb3 33. axb3 Qxb3 34. Ra7 Qb6
35. Rca1 Bd5 36. Ne5 Bxf3+ 37. Nxf3 Qc6 38. R7a6 Qe4 39. Qa2 Re8 40. Kg1 Nd5 41.
Qd2 Nc3 42. Nxd4 Qxd4+ 43. Qxd4 Nxe2+ 44. Kf2 Nxd4 45. Ra7 e5 46. Rd7 Nc6 47.
Rc1 Rbc8 48. Rd6 Ne7 49. Rb1 e4 50. Rb7 Kf7 51. h6 g6 52. Ke3 Red8 53. Rdd7 Ke6
54. Rxe7+ Kf6 55. Rf7+ Ke6 56. Rfe7+ Kf6 57. Rf7+ Ke6 58. Kxe4 1/2-1/2

[Event "Druzynowe Mistrzostwa Polski Juniorow - I liga"]
[Site "Suchedniow"]
[Date "1899-12-30"]
[Round "4.17"]
[White "Swiech, Joanna"]
[Black "Murawko, Julia"]
[Result "0-1"]
[WhiteTitle "k"]
[BlackTitle "I++"]
[WhiteElo "1888"]
[BlackElo "1792"]

1. c4 e5 2. g3 Nc6 3. Bg2 g6 4. Nc3 Bg7 5. e3 Nf6 6. Nge2 O-O 7. O-O d6 8. d4 exd4
9. exd4 Bf5 10. a3 Qd7 11. Re1 Rfe8 12. Be3 Ng4 13. Qd2 Na5 14. Nf4 Nb3 15. Qd1
Nxa1 16. Qxa1 c6 17. Qc1 Re7 18. Qd2 Rae8 19. b4 Bh6 20. b5 Bxf4 21. gxf4 h5 22.
bxc6 bxc6 23. Qc1 h4 24. Nd1 h3 25. Bh1 Nf6 26. Nc3 Bd3 27. Ne2 Rb8 28. Qc3 Bxe2
29. Rxe2 Qg4+ 30. Kf1 Rb1+ 31. Re1 Rxe1+ 32. Qxe1 d5 33. cxd5 cxd5 34. Qe2 Qf5
35. Bf3 Rb7 36. Qe1 Rb1 0-1

[Event "Druzynowe Mistrzostwa Polski Juniorow - I liga"]
[Site "Suchedniow"]
[Date "1899-12-30"]
[Round "4.18"]
[White "Wolagiewicz, Kinga"]
[Black "Gaj, Magdalena"]
[Result "1-0"]
[WhiteTitle "I"]
[BlackTitle "I"]
[WhiteElo "1579"]
[BlackElo "1272"]

1. e4 c6 2. d4 d5 3. Nc3 dxe4 4. Nxe4 Bf5 5. Ng3 Bg6 6. Bc4 e6 7. N1e2 Nf6 8. Nf4
Bd6 9. O-O Qc7 10. Nxg6 hxg6 11. Re1 O-O 12. c3 Nd5 13. Bd3 Nd7 14. Bg5 Rac8 15.
c4 Nb4 16. c5 Bf4 17. Bxf4 Qxf4 18. Re4 Qc7 19. a3 Nxd3 20. Qxd3 Rfd8 21. Qc4
Nf6 22. Re3 Rd7 23. Ne4 Ng4 24. Rg3 Qf4 25. h3 Qxe4 26. Rxg4 Qd5 27. Qc3 Rcd8
28. Re1 Qf5 29. b3 Qd5 30. Re5 Qxd4 31. Rxd4 Rxd4 32. Qa5 1-0

[Event "Druzynowe Mistrzostwa Polski Juniorow - I liga"]
[Site "Suchedniow"]
[Date "1899-12-30"]
[Round "4.19"]
[White "Kindler, Przemyslaw"]
[Black "Piotrowski, Przemyslaw"]
[Result "0-1"]
[WhiteTitle "k"]
[BlackTitle "k"]
[WhiteElo "2099"]
[BlackElo "2201"]

1. g3 e5 2. Bg2 d5 3. d3 Nf6 4. Nf3 Nc6 5. O-O Bc5 6. c4 dxc4 7. Qa4 O-O 8. Qxc4
Be7 9. Bg5 Be6 10. Qc3 Nd5 11. Bxe7 Nxc3 12. Bxd8 Nxe2+ 13. Kh1 Raxd8 14. Re1
Ned4 15. Nxd4 Nxd4 16. Na3 f6 17. Rac1 c6 18. Nc4 Bd5 19. Ne3 Bxg2+ 20. Kxg2 Rf7
21. Nc4 Rfd7 22. Re3 c5 23. Rc3 b6 24. Nd2 Nc6 25. a3 Ne7 26. Rb3 Nf5 27. Re4
Rxd3 28. Rxd3 Rxd3 29. Nb1 b5 30. a4 b4 31. Re1 Rb3 32. Nd2 Rxb2 33. Ne4 c4 34.
Rc1 c3 35. Nxc3 bxc3 36. Rxc3 Rb7 37. a5 Kf7 38. a6 Rd7 39. Rc6 Ke7 40. h4 Nd4
41. Rc8 Nb5 42. Rc5 Nc7 43. Rc6 Kd8 44. h5 h6 45. Kf3 Rd4 46. Rc3 Ra4 47. Rd3+
Kc8 48. Rc3 Kd7 49. Rd3+ Ke7 50. Rc3 e4+ 51. Kg4 Nd5 52. Rc5 e3+ 53. Kf3 exf2
54. Kxf2 Kd6 55. Rc8 Rxa6 56. Rg8 Ke5 57. Rxg7 Ke4 58. Rg4+ Ke5 59. Rg6 Ra2+ 60.
Kf3 Ra3+ 61. Kf2 Nc3 62. Rxh6 Ne4+ 63. Kg2 Rxg3+ 64. Kh2 Kf4 65. Rg6 Rxg6 66.
hxg6 f5 0-1

[Event "Druzynowe Mistrzostwa Polski Juniorow - I liga"]
[Site "Suchedniow"]
[Date "1899-12-30"]
[Round "4.20"]
[White "Kanicki, Krzysztof"]
[Black "Paziak, Patryk"]
[Result "1/2-1/2"]
[WhiteTitle "k"]
[BlackTitle "I"]
[WhiteElo "2147"]
[BlackElo "1745"]

1. e4 e6 2. d4 d5 3. Nd2 c5 4. exd5 Qxd5 5. Ngf3 cxd4 6. Bc4 Qd6 7. O-O Nf6 8.
Nb3 Nc6 9. Nbxd4 Nxd4 10. Nxd4 Bd7 11. c3 Qc7 12. Qe2 Bd6 13. h3 h5 14. Nb5 Bxb5
15. Bxb5+ Ke7 16. Qf3 a6 17. Ba4 Ng4 18. Rd1 Ne5 19. Qe4 b5 20. Bb3 Rag8 21. Bf4
Nf3+ 22. Qxf3 Bxf4 23. Rd3 g5 24. g3 Be5 25. Rad1 Rd8 26. Rxd8 Rxd8 27. Qxh5 Rxd1+
28. Bxd1 f6 29. Qh7+ Kd6 30. Qd3+ Ke7 31. a4 Qc5 32. axb5 axb5 33. Bb3 b4 34.
Qh7+ Kd6 35. Qg8 bxc3 36. Qxe6+ Kc7 37. bxc3 Qxc3 38. Qf7+ Kd6 39. Qd5+ Kc7 40.
Qf7+ Kd6 41. Qe6+ Kc7 42. Bd5 Bxg3 43. fxg3 Qxg3+ 44. Kf1 Qf4+ 45. Ke2 Kd8 46.
Qg8+ Ke7 47. Qe6+ Kd8 48. Kd3 Kc7 49. Qe7+ Kb6 50. Qb7+ Ka5 51. Bc6 Qd6+ 52. Kc4
Qe6+ 53. Kc5 Qe5+ 54. Kc4 Qe6+ 55. Kc5 Qe5+ 56. Bd5 Qe3+ 57. Kd6 Qa3+ 58. Kc6
Qc3+ 59. Kd6 Qa3+ 60. Kc7 Qg3+ 61. Kc6 Qc3+ 1/2-1/2

[Event "Druzynowe Mistrzostwa Polski Juniorow - I liga"]
[Site "Suchedniow"]
[Date "1899-12-30"]
[Round "4.21"]
[White "Godzwon, Iwo"]
[Black "Baran, Mateusz"]
[Result "1-0"]
[WhiteTitle "I+"]
[BlackTitle "II"]
[WhiteElo "2059"]
[BlackElo "1411"]

1. e4 e5 2. Nf3 Nc6 3. Bb5 Bc5 4. O-O Nf6 5. c3 a6 6. Ba4 b5 7. Bb3 d6 8. d4 Bb6
9. h3 h6 10. Be3 O-O 11. Nbd2 Re8 12. a4 Bb7 13. d5 Ne7 14. Bxb6 cxb6 15. axb5
axb5 16. Qe2 Qd7 17. Bc2 Ng6 18. Qe3 Nh5 19. Rxa8 Rxa8 20. Ne1 Nhf4 21. Nd3 Qe7
22. Nxf4 Nxf4 23. Kh2 Bc8 24. Nf3 Qf6 25. Ng1 Kh7 26. g3 Ng6 27. Qxb6 Ra2 28.
Rb1 h5 29. Bb3 Ra6 30. Qe3 h4 31. Nf3 hxg3+ 32. fxg3 Kg8 33. Bd1 Qe7 34. Be2 f5
35. Bxb5 f4 36. Qf2 Ra5 37. Bf1 fxg3+ 38. Qxg3 Nf4 39. Qh4 Qa7 40. Bg2 Qc7 41.
Ng5 g6 42. Nf3 Ra2 43. Qe1 Ba6 44. Ng5 Qb7 45. Ne6 Bd3 46. Ra1 Rxa1 47. Qxa1 Nxg2
48. Kxg2 Bxe4+ 49. Kg3 Qxd5 50. Qe1 Qd3+ 51. Kh2 Qc2+ 52. Kg3 Qg2+ 53. Kh4 Qf3
54. Qd2 Qf6+ 55. Ng5 Bc6 56. b4 d5 57. b5 Bb7 58. Kg3 d4 59. cxd4 exd4 60. Qf4
Qg7 61. Qb8+ Qf8 62. Qxb7 Qf6 63. Qd5+ Kg7 64. Ne6+ Kh6 65. Nxd4 g5 66. Nf5+ Kg6
67. Kg4 Qf8 68. Qd6+ Qxd6 69. Nxd6 1-0

[Event "Druzynowe Mistrzostwa Polski Juniorow - I liga"]
[Site "Suchedniow"]
[Date "1899-12-30"]
[Round "4.22"]
[White "Madajczak, Piotr"]
[Black "Banach, Jakub"]
[Result "0-1"]
[WhiteTitle "II+"]
[BlackTitle "II+"]
[WhiteElo "1479"]
[BlackElo "1573"]

1. e4 e6 2. d4 d5 3. Nc3 Bb4 4. e5 Qd7 5. Qg4 f5 6. Qg3 Bxc3+ 7. bxc3 b6 8. Nf3
Ba6 9. Bxa6 Nxa6 10. O-O h6 11. h4 Qf7 12. Qh3 Qh5 13. a4 Nb8 14. a5 Nc6 15. axb6
cxb6 16. Ra4 Na5 17. Ba3 Nc4 18. Rb1 Ne7 19. Bxe7 Kxe7 20. Rba1 a5 21. Rb1 Rab8
22. Rb3 f4 23. Rb1 g5 24. hxg5 Qxh3 25. gxh3 hxg5 26. Kg2 Rbg8 27. Nh2 Kd7 28.
Ng4 Kc6 29. Rba1 f3+ 30. Kg3 Rh4 31. Rh1 Rgh8 32. Raa1 Nd2 33. Nf6 g4 34. Nxg4
Ne4+ 35. Kxf3 Rxh3+ 36. Rxh3 Rxh3+ 37. Ke2 Nxc3+ 38. Kd2 Nb5 39. Ne3 Nxd4 40.
Rf1 Nf3+ 41. Ke2 Nxe5 42. f4 Rh2+ 43. Kd1 Nc4 44. Nxc4 dxc4 45. f5 exf5 46. Rxf5
a4 47. Kc1 c3 48. Kb1 Rh1+ 49. Ka2 Rc1 50. Rf2 b5 51. Ka3 Rb1 52. Rh2 Kc5 53.
Rh5+ Kb6 54. Rh3 Ka5 55. Rxc3 Re1 56. Rc5 Re3+ 57. Ka2 Kb4 58. Rc7 Rc3 59. Rh7
Rxc2+ 60. Kb1 Kb3 61. Rh3+ Rc3 62. Rh2 a3 63. Rg2 b4 64. Rh2 a2+ 65. Rxa2 Rc1+
66. Kxc1 Kxa2 67. Kc2 b3+ 68. Kd3 b2 69. Kd4 b1=Q 0-1

[Event "Druzynowe Mistrzostwa Polski Juniorow - I liga"]
[Site "Suchedniow"]
[Date "1899-12-30"]
[Round "4.23"]
[White "Kindler, Karolina"]
[Black "Kalinowska, Karolina"]
[Result "1-0"]
[WhiteTitle "I+"]
[BlackTitle "I"]
[WhiteElo "1714"]
[BlackElo "1544"]

1. Nf3 d5 2. d4 Nf6 3. e3 e6 4. Bd3 c5 5. b3 Nc6 6. a3 Bd6 7. Bb2 O-O 8. O-O Re8
9. Ne5 a6 10. f4 Ne7 11. Rf3 Nf5 12. Rh3 Bxe5 13. fxe5 Ne4 14. Bxe4 dxe4 15. Qh5
cxd4 16. Qxh7+ Kf8 17. exd4 e3 18. a4 f6 19. Ba3+ Kf7 20. Qh5+ Kg8 21. exf6 Nh6
22. f7+ Nxf7 23. Qh7# 1-0

[Event "Druzynowe Mistrzostwa Polski Juniorow - I liga"]
[Site "Suchedniow"]
[Date "1899-12-30"]
[Round "4.24"]
[White "Pawicka, Magdalena"]
[Black "Jarocka, Liwia"]
[Result "0-1"]
[WhiteTitle "I"]
[BlackTitle "I++"]
[WhiteElo "1600"]
[BlackElo "1797"]

1. e4 c5 2. Nf3 e6 3. d4 cxd4 4. Nxd4 Nf6 5. Nc3 d6 6. Be3 a6 7. f3 b5 8. Qd2 Bb7
9. g4 Nfd7 10. h4 Nb6 11. h5 N8d7 12. O-O-O Rc8 13. g5 Ne5 14. Bf2 Nec4 15. Bxc4
Nxc4 16. Qe2 Qxg5+ 17. Kb1 Qd8 18. f4 Qc7 19. Rd3 b4 20. Nd1 Be7 21. Ne3 Bxe4
22. Nxc4 Bxd3 23. cxd3 O-O 24. Qg4 Bf6 25. Ne2 d5 26. Ne5 b3 27. axb3 Qc2+ 28.
Ka1 Qxb3 29. Bh4 Rc2 30. Nc4 Bxb2+ 31. Kb1 Bc3+ 32. Nb2 Qxb2# 0-1

[Event "Druzynowe Mistrzostwa Polski Juniorow - I liga"]
[Site "Suchedniow"]
[Date "1899-12-30"]
[Round "4.25"]
[White "Krzeminski, Sebastian"]
[Black "Winiarski, Mikolaj"]
[Result "0-1"]
[WhiteTitle "I"]
[BlackTitle "k"]
[WhiteElo "1818"]
[BlackElo "2209"]

1. d4 Nf6 2. Bg5 e6 3. e4 h6 4. Bxf6 Qxf6 5. Nf3 d6 6. Nbd2 Nd7 7. c3 a6 8. Qa4
Qd8 9. Bd3 g6 10. e5 d5 11. c4 dxc4 12. Qxc4 Nb6 13. Qc2 Nd5 14. Be4 Bd7 15. O-O
Bg7 16. Rac1 Bb5 17. Rfe1 O-O 18. a4 Bc6 19. b3 a5 20. Qc4 Nb6 21. Qc2 Bxe4 22.
Qxe4 Nd5 23. Nc4 Qe7 24. Ne3 Rfd8 25. Rc5 c6 26. Nc4 Qc7 27. Nd6 Bf8 28. Qh4 g5
29. Nxg5 hxg5 30. Qxg5+ Bg7 31. h4 Rxd6 32. exd6 Qxd6 33. h5 Qd8 34. Qg3 Kf8 35.
Re4 Bf6 36. Rg4 Ke7 37. h6 Qh8 38. Rxd5 cxd5 39. Qc7+ Kf8 40. Qxb7 Re8 41. b4
Qxh6 42. bxa5 Qc1+ 43. Kh2 Rc8 44. a6 Qc7+ 45. Rg3 Bxd4 46. Kh3 Bxf2 47. Rf3 Bg1
48. Qb4+ Ke8 49. Qb5+ Qc6 50. Qf1 Qc1 51. Qb5+ Kd8 52. Qb7 Qh6+ 53. Kg3 Bh2+ 54.
Kf2 Qd2+ 0-1

[Event "Druzynowe Mistrzostwa Polski Juniorow - I liga"]
[Site "Suchedniow"]
[Date "1899-12-30"]
[Round "4.26"]
[White "Chylewski, Patryk"]
[Black "Urbanski, Wojciech"]
[Result "1-0"]
[WhiteTitle "k"]
[BlackTitle "II"]
[WhiteElo "2162"]
[BlackElo "1723"]

1. e4 e5 2. Nf3 Nc6 3. Bb5 a6 4. Ba4 Nf6 5. O-O Be7 6. Re1 b5 7. Bb3 d6 8. c3 O-O
9. h3 Nb8 10. d4 Nbd7 11. Nbd2 Bb7 12. Bc2 Re8 13. Nf1 Bf8 14. Ng3 g6 15. a4 Bg7
16. Bg5 c6 17. Nh2 Qc7 18. f4 h6 19. Bxf6 Nxf6 20. dxe5 dxe5 21. f5 Qb6+ 22. Kh1
Rad8 23. Qe2 Rd7 24. Bb3 Kh7 25. Qf3 Ree7 26. Bxf7 Rd2 27. fxg6+ Kh8 28. Nf5 Red7
29. Nxg7 Kxg7 30. Rf1 R7d6 31. Ng4 Qd8 32. Nxf6 Rxf6 33. Qxf6+ Qxf6 34. Rxf6 Kxf6
35. Rf1+ Ke7 36. g7 Rd8 37. g8=Q Rxg8 38. Bxg8 1-0

[Event "Druzynowe Mistrzostwa Polski Juniorow - I liga"]
[Site "Suchedniow"]
[Date "1899-12-30"]
[Round "4.27"]
[White "Warchol, Bartosz"]
[Black "Sanz, Wawer Daniel"]
[Result "1/2-1/2"]
[WhiteTitle "I"]
[BlackTitle "k"]
[WhiteElo "1702"]
[BlackElo "1964"]

1. d4 Nf6 2. c4 e6 3. Nf3 d5 4. g3 Bb4+ 5. Bd2 Be7 6. Bg2 O-O 7. O-O c6 8. Bg5
b6 9. Nbd2 Bb7 10. Qc2 Nbd7 11. Rfd1 h6 12. Bxf6 Nxf6 13. Rac1 Bd6 14. e4 dxe4
15. Nxe4 Nxe4 16. Qxe4 Qe7 17. Ne5 Bxe5 18. dxe5 Rfd8 19. Qe2 Rxd1+ 20. Rxd1 Rd8
21. Rd3 Kf8 22. Qd2 Ke8 23. Rxd8+ Qxd8 24. Qxd8+ Kxd8 25. b3 Kc7 26. f4 h5 27.
Kf2 c5 28. Bxb7 Kxb7 29. Ke3 Kc6 30. Kd3 g6 31. Kc3 Kd7 1/2-1/2

[Event "Druzynowe Mistrzostwa Polski Juniorow - I liga"]
[Site "Suchedniow"]
[Date "1899-12-30"]
[Round "4.28"]
[White "Kokoszczynski, Jan"]
[Black "Kulesza, Andrzej"]
[Result "1-0"]
[WhiteTitle "k"]
[BlackTitle "I"]
[WhiteElo "1927"]
[BlackElo "1675"]

1. e4 c5 2. Nf3 Nc6 3. d4 cxd4 4. Nxd4 g6 5. c4 Bg7 6. Be3 d6 7. Nc3 Nf6 8. f3
O-O 9. Qd2 Bd7 10. Be2 Nxd4 11. Bxd4 a5 12. O-O Bc6 13. Rfd1 Nd7 14. b3 Bxd4+
15. Qxd4 Qb6 16. Qxb6 Nxb6 17. Rac1 f6 18. Kf2 Kf7 19. Ke3 g5 20. g3 h5 21. f4
Kg6 22. Nd5 Bxd5 23. exd5 Nd7 24. Kd4 g4 25. Bd3+ Kf7 26. Re1 Nc5 27. Bf5 b6 28.
Re3 Rg8 29. Rce1 Ra7 30. h3 Rg7 31. Rh1 Ra8 32. hxg4 hxg4 33. Rh4 Rag8 34. a3
Rb8 35. b4 Na6 36. Be6+ Kg6 37. Rxg4+ Kh6 38. Rh4+ Kg6 39. f5+ Kg5 40. Ree4 Nc5
41. Reg4# 1-0

[Event "Druzynowe Mistrzostwa Polski Juniorow - I liga"]
[Site "Suchedniow"]
[Date "1899-12-30"]
[Round "4.29"]
[White "Waszczuk, Patrycja"]
[Black "Olechnicka, Karolina"]
[Result "1-0"]
[WhiteTitle "k"]
[BlackTitle "k++"]
[WhiteElo "1867"]
[BlackElo "1883"]

1. e4 c5 2. Nf3 d6 3. d4 cxd4 4. Nxd4 Nf6 5. Nc3 a6 6. Bg5 Nbd7 7. Qe2 b5 8. a3
Qa5 9. Nb3 Qc7 10. O-O-O e6 11. f4 Be7 12. g4 Bb7 13. Bg2 O-O 14. Bh4 Nc5 15.
Nxc5 Qxc5 16. g5 Nd7 17. Bf2 Qc7 18. h4 Rac8 19. Bd4 Nc5 20. f5 e5 21. Bxc5 Qxc5
22. f6 gxf6 23. gxf6 Bxf6 24. Bh3 Rcd8 25. Rhg1+ Kh8 26. Bf5 h6 27. Qh5 Bg7 28.
Rg3 Bc8 29. Rdg1 Bxf5 30. exf5 Rg8 31. f6 e4 32. fxg7+ Kh7 33. Qxc5 1-0

[Event "Druzynowe Mistrzostwa Polski Juniorow - I liga"]
[Site "Suchedniow"]
[Date "1899-12-30"]
[Round "4.30"]
[White "Moscicka, Pola"]
[Black "Mysliwiec, Natalia"]
[Result "1-0"]
[WhiteTitle "k"]
[BlackTitle "I"]
[WhiteElo "1769"]
[BlackElo "1311"]

1. e4 c5 2. Nf3 Nc6 3. d4 cxd4 4. Nxd4 g6 5. Nc3 Bg7 6. Be3 Nf6 7. Bc4 O-O 8. Bb3
d6 9. f3 Bd7 10. Qd2 Na5 11. O-O-O Rb8 12. Kb1 b5 13. h4 Nc4 14. Bxc4 bxc4 15.
Ka1 h5 16. Rb1 Kh7 17. g4 Qa5 18. gxh5 Nxh5 19. Rhg1 Bf6 20. Bg5 Qb4 21. Bxf6
exf6 22. f4 Rg8 23. Nde2 Rb7 24. f5 a5 25. Nf4 Nxf4 26. Qxf4 Rf8 27. Nd5 Qc5 28.
Nxf6+ Kg7 29. Nh5+ Kg8 30. Qh6 Qe5 31. f6 Qxb2+ 32. Rxb2 Rxb2 33. Qg7# 1-0

[Event "Druzynowe Mistrzostwa Polski Juniorow - I liga"]
[Site "Suchedniow"]
[Date "1899-12-30"]
[Round "5.1"]
[White "Winiarski, Mikolaj"]
[Black "Pilzak, Marcin"]
[Result "1/2-1/2"]
[WhiteTitle "k"]
[BlackTitle "k"]
[WhiteElo "2209"]
[BlackElo "2010"]

1. d4 Nf6 2. c4 e6 3. Nf3 b6 4. a3 Bb7 5. Nc3 d5 6. cxd5 Nxd5 7. Qc2 g6 8. Bg5
Be7 9. Bh6 Bf8 10. Bxf8 Kxf8 11. e4 Nxc3 12. bxc3 Nd7 13. Bd3 e5 14. O-O f6 15.
Bb5 c6 16. Bc4 Qe7 17. a4 Kg7 18. a5 b5 19. Bb3 a6 20. Rfe1 Rac8 21. Qa2 Rhe8
22. Rad1 Rcd8 23. Qb2 Ba8 24. c4 exd4 25. cxb5 cxb5 26. Nxd4 Nc5 27. e5 fxe5 28.
Ne6+ Nxe6 29. Qxe5+ Qf6 30. Qxf6+ Kxf6 31. Rxd8 Rxd8 32. Rxe6+ Kg5 33. Rxa6 Rd3
34. Rxa8 Rxb3 35. g3 Ra3 36. a6 Kh6 37. Kg2 b4 38. Rb8 Rxa6 39. Rxb4 Ra7 40. h4
Kg7 41. Kh3 h5 42. g4 hxg4+ 43. Kxg4 Ra5 44. Rb7+ Kf6 45. Rh7 Ra4+ 46. Kg3 Ra3+
47. Kg4 Ra4+ 48. Kg3 Ra3+ 49. f3 Ra5 50. Rh8 Kg7 51. Rb8 Kf6 52. Rb6+ Kf7 53.
Rb1 Kf6 54. Rh1 Rb5 55. Kg4 Rb4+ 56. f4 Rb5 57. Ra1 Rc5 58. Ra6+ Kf7 59. Ra1 Kf6
60. Re1 Ra5 61. Re5 Ra1 62. h5 Rg1+ 63. Kf3 gxh5 64. Rxh5 Rf1+ 65. Ke3 Re1+ 66.
Kf2 Ra1 67. Rb5 Ra3 68. Rc5 Ke5 1/2-1/2

[Event "Druzynowe Mistrzostwa Polski Juniorow - I liga"]
[Site "Suchedniow"]
[Date "1899-12-30"]
[Round "5.2"]
[White "Dembinski, Bartosz"]
[Black "Chylewski, Patryk"]
[Result "0-1"]
[WhiteTitle "II"]
[BlackTitle "k"]
[WhiteElo "1456"]
[BlackElo "2162"]

1. e4 c5 2. Nf3 d6 3. d3 Nc6 4. g3 g6 5. Bg2 Bg7 6. c3 e5 7. Bg5 Nge7 8. h4 Bg4
9. Nbd2 O-O 10. Nf1 h6 11. Be3 b6 12. N1h2 Be6 13. Qd2 Kh7 14. O-O d5 15. exd5
Nxd5 16. Ne1 Qd7 17. f4 exf4 18. Bxf4 Rad8 19. Rd1 Rfe8 20. Nc2 Nxf4 21. Rxf4
Be5 22. Rf3 Re7 23. Ne3 Bxa2 24. Neg4 Bg7 25. Nf6+ Bxf6 26. Rxf6 Ne5 27. Be4 Ng4
28. Rf4 Nxh2 29. Kxh2 Bd5 30. Bxd5 Qxd5 31. Qf2 Rde8 32. Kg1 f5 33. h5 Re2 34.
hxg6+ Kxg6 35. Qf1 Qe5 36. g4 Qe3+ 37. Kh1 Qg3 38. gxf5+ Kf6 39. Qg1 Qh3+ 40.
Qh2 Qxh2# 0-1

[Event "Druzynowe Mistrzostwa Polski Juniorow - I liga"]
[Site "Suchedniow"]
[Date "1899-12-30"]
[Round "5.3"]
[White "Sanz, Wawer Daniel"]
[Black "Chrost, Hugo"]
[Result "1-0"]
[WhiteTitle "k"]
[BlackTitle "II"]
[WhiteElo "1964"]
[BlackElo "1395"]

1. d4 Nf6 2. c4 g6 3. f3 Bg7 4. e4 d6 5. Nc3 O-O 6. Nge2 e5 7. Bg5 Nc6 8. d5 Ne7
9. Qd2 Nd7 10. g4 f6 11. Be3 a5 12. O-O-O b6 13. h4 Nc5 14. Ng3 Bd7 15. Qg2 Qc8
16. Be2 Na4 17. Nxa4 Bxa4 18. Rdg1 Bd7 19. Bd3 Rb8 20. Qd2 a4 21. h5 g5 22. Nf5
Nxf5 23. gxf5 h6 24. Qb4 Qb7 25. Kb1 Qa6 26. Rc1 Ra8 27. Bd2 Rfb8 28. Qc3 Bf8
29. f4 Be7 30. fxg5 fxg5 31. Rhf1 Bf6 32. c5 b5 33. Qb4 Be8 34. cxd6 cxd6 35.
Qa3 Rc8 36. Bb4 Rxc1+ 37. Rxc1 Be7 38. Be2 Qb6 39. Bd2 Qb7 40. f6 Bf8 41. Bg4
Kf7 42. Qf3 Bd7 43. Be6+ Ke8 44. Qf5 Kd8 45. Qh7 Ra7 46. Qf7 Bxe6 47. Qxf8+ Kd7
48. Qe7# Qb6 1-0

[Event "Druzynowe Mistrzostwa Polski Juniorow - I liga"]
[Site "Suchedniow"]
[Date "1899-12-30"]
[Round "5.5"]
[White "Olechnicka, Karolina"]
[Black "Kostecka, Marika"]
[Result "1-0"]
[WhiteTitle "k++"]
[BlackTitle "I++"]
[WhiteElo "1883"]
[BlackElo "1693"]

1. e4 c5 2. Nf3 d6 3. d4 cxd4 4. Nxd4 Nf6 5. Nc3 a6 6. Be3 e5 7. Nb3 Be6 8. f3
Be7 9. Qd2 O-O 10. O-O-O a5 11. Bb5 Nbd7 12. Kb1 Nb6 13. Qf2 Nfd7 14. Bxd7 Nxd7
15. Nd5 Bxd5 16. Rxd5 Qc7 17. Rhd1 a4 18. Nc1 Rfb8 19. a3 b5 20. Na2 Rb7 21. R5d3
Rc8 22. Nb4 Bf8 23. g4 Nb8 24. h4 Nc6 25. Nd5 Qd8 26. c3 Rcb8 27. g5 Na5 28. f4
Nc4 29. Bc1 Nb6 30. Nb4 Qc7 31. f5 Qc4 32. Qe2 Nd7 33. Qf3 Nc5 34. Re3 Nb3 35.
h5 Nxc1 36. Rxc1 Rc8 37. g6 d5 38. Qe2 Qxe2 39. Rxe2 Bxb4 40. axb4 hxg6 41. exd5
gxh5 42. Rxe5 Rd8 43. Rh1 Rbd7 44. Rxh5 Rxd5 45. f6 Rd1+ 46. Ka2 g6 47. Rh2 Rf1
48. Rxb5 Rxf6 49. Ka3 Ra6 50. Rg5 Kg7 51. b5 Rb6 52. Kxa4 f5 53. c4 Rdb8 54. Kb4
Kf6 55. Rhg2 Kf7 56. Rg1 R8b7 57. R5g2 Rb8 58. Rg3 R8b7 59. Ka5 Rb8 60. Rb3 Rf6
61. c5 f4 62. Rf3 Rf5 63. b4 g5 64. Ka6 Rf6+ 65. b6 Kg6 66. Ka7 Rff8 67. b7 Rbd8
68. c6 Rd6 69. c7 Rff6 70. c8=Q 1-0

[Event "Druzynowe Mistrzostwa Polski Juniorow - I liga"]
[Site "Suchedniow"]
[Date "1899-12-30"]
[Round "5.7"]
[White "Piotrowski, Przemyslaw"]
[Black "Krzeminski, Sebastian"]
[Result "1-0"]
[WhiteTitle "k"]
[BlackTitle "I"]
[WhiteElo "2201"]
[BlackElo "1818"]

1. e4 c6 2. d4 d5 3. Nc3 dxe4 4. Nxe4 Bf5 5. Ng3 Bg6 6. h4 h6 7. Nh3 Nf6 8. Nf4
Bh7 9. Bc4 Nd5 10. c3 e6 11. Qe2 Nxf4 12. Bxf4 Bd6 13. Be5 Qc7 14. Bxg7 Rg8 15.
Nh5 Kd8 16. g3 Nd7 17. Bxh6 Bf5 18. Bg5+ Kc8 19. Bd3 Bxd3 20. Qxd3 b5 21. O-O-O
a5 22. Nf6 Nxf6 23. Bxf6 Kb7 24. h5 a4 25. a3 Rac8 26. h6 Rg6 27. Qf3 Bf4+ 28.
Qxf4 Qxf4+ 29. gxf4 Rxf6 30. h7 Rh8 31. Rdg1 Rg6 32. Rxg6 fxg6 33. Kd2 Kc7 34.
Kd3 Kd7 35. Ke4 Kd6 36. f3 Kd5+ 1-0

[Event "Druzynowe Mistrzostwa Polski Juniorow - I liga"]
[Site "Suchedniow"]
[Date "1899-12-30"]
[Round "5.8"]
[White "Urbanski, Wojciech"]
[Black "Kanicki, Krzysztof"]
[Result "1/2-1/2"]
[WhiteTitle "II"]
[BlackTitle "k"]
[WhiteElo "1723"]
[BlackElo "2147"]

1. e4 c5 2. Nf3 Nc6 3. d4 cxd4 4. Nxd4 Nf6 5. Nc3 d6 6. Bg5 e6 7. Qd2 a6 8. O-O-O
Bd7 9. f3 Be7 10. Be3 h5 11. Kb1 b5 12. Qf2 Ne5 13. h3 b4 14. Nce2 Nc4 15. Nc1
Nxe3 16. Qxe3 g6 17. Bd3 e5 18. Nde2 h4 19. f4 Qc7 20. Rhf1 a5 21. Rf3 Nh5 22.
Rdf1 Rh7 23. Qf2 Qa7 24. Qe1 Qc5 25. b3 a4 26. Bc4 Be6 27. Nd3 Qa5 28. Bxe6 fxe6
29. Qxb4 Qxb4 30. Nxb4 d5 31. Nc6 dxe4 32. Re3 exf4 33. Rxe4 g5 34. Rxe6 Kd7 35.
Rxe7+ Rxe7 36. Nxe7 Kxe7 37. Nd4 Kd6 38. Nf3 Rg8 39. Rd1+ Ke6 40. c4 axb3 41.
axb3 g4 42. Nxh4 gxh3 43. gxh3 Rg3 44. Rd5 Ke5 1/2-1/2

[Event "Druzynowe Mistrzostwa Polski Juniorow - I liga"]
[Site "Suchedniow"]
[Date "1899-12-30"]
[Round "5.9"]
[White "Baran, Mateusz"]
[Black "Warchol, Bartosz"]
[Result "0-1"]
[WhiteTitle "II"]
[BlackTitle "I"]
[WhiteElo "1411"]
[BlackElo "1702"]

1. e4 d5 2. exd5 Qxd5 3. Nc3 Qa5 4. Nf3 Nf6 5. Bc4 Bf5 6. d3 c6 7. O-O e6 8. Bd2
Qc7 9. Re1 Bd6 10. h3 O-O 11. Nh4 Bg6 12. Nxg6 hxg6 13. Bg5 Nbd7 14. d4 Bh2+ 15.
Kh1 Bf4 16. h4 Rfe8 17. g3 Bd6 18. Bxf6 Nxf6 19. f4 Rad8 20. Qf3 Bb4 21. Rad1
Nd5 22. Kg2 b5 23. Be2 Qa5 24. Rh1 Bxc3 25. bxc3 Nxc3 26. Rd2 Nxe2 27. Qxe2 c5
28. h5 Rxd4 29. Rxd4 cxd4 30. hxg6 fxg6 31. Qd3 Kf7 32. Rh7 Qxa2 33. Kh3 Qd5 34.
Kh2 a5 35. Qa3 b4 36. Qd3 Rc8 37. Kg1 Rc3 38. Qa6 Rxg3+ 39. Kf1 Qf3+ 40. Ke1 Rg1+
41. Kd2 Rd1# 0-1